000
00200 a2200097 4500
001
19903
100
_a
Green A E S
245
_a
Nuclear physics
260
_a
_b
Islamic Pub
_c
090
_c
14525
_d
14525
942
_a
NUST-CAE
_c
M
_c
5031
999
_c
254976
_d
254976